| Tag |
First Indicator |
Second Indicator |
Subfields |
| LEADER |
00000cam a2200000 a 4500 |
| 001 |
in00000009823 |
| 005 |
20151007051551.0 |
| 008 |
880315s1988 maua b 00110 eng d |
| 010 |
|
|
|a 87014526
|
| 035 |
|
|
|a (OCoLC)17630891
|
| 035 |
|
|
|9 AAA3649AM
|
| 040 |
|
|
|a EXG
|c EXG
|d TXA
|d UtOrBLW
|
| 049 |
|
|
|a TXAM
|c [A10955490]
|
| 050 |
|
4 |
|a QE397
|b .S65 1988
|
| 100 |
1 |
|
|a Smyth, J. R.
|
| 245 |
1 |
0 |
|a Crystal structures and cation sites of the rock-forming minerals /
|c Joseph R. Smyth and David L. Bish.
|
| 264 |
|
1 |
|a Boston :
|b Allen & Unwin,
|c 1988.
|
| 300 |
|
|
|a xix, 332 pages pages :
|b illustrations ;
|c 24 cm.
|
| 336 |
|
|
|a text
|b txt
|2 rdacontent
|
| 337 |
|
|
|a unmediated
|b n
|2 rdamedia
|
| 338 |
|
|
|a volume
|b nc
|2 rdacarrier
|
| 504 |
|
|
|a Bibliography: pages 321-329.
|
| 500 |
|
|
|a Includes index.
|
| 650 |
|
0 |
|a Rock-forming minerals.
|
| 650 |
|
0 |
|a Crystals.
|
| 650 |
|
0 |
|a Cations.
|
| 700 |
1 |
|
|a Bish, David L.
|
| 999 |
|
|
|a MARS
|
| 999 |
f |
f |
|s 898525f0-bcfe-355d-9451-2ae3238e2d9b
|i 412012fc-94dd-3c48-8508-8ad2f4c3df84
|t 0
|
| 952 |
f |
f |
|p ric
|a Texas A&M University
|b Rellis Campus
|c Joint Library Facility
|d Remote Storage
|t 0
|e QE397 .S65 1988
|h Library of Congress classification
|i unmediated -- volume
|m A14810955490
|
| 998 |
f |
f |
|a QE397 .S65 1988
|t 0
|l Remote Storage
|